| 000 | 01077 a2200205 4500 | ||
|---|---|---|---|
| 001 | 36554 | ||
| 005 | 20260407155640.0 | ||
| 008 | 260407a1974 arg spa d | ||
| 003 | AR-UNSa-BCEJYS | ||
| 040 |
_aAR-UNSa-BCEJYS _bspa _cAR-UNSa-BCEJYS |
||
| 080 |
_a658.5 _xPlanificación y control de la producción |
||
| 245 | 1 | 0 |
_aSistemas de producción _pla gerencia operativa |
| 264 | 1 |
_aBuenos Aires : _bEl Ateneo _c1974 |
|
| 300 |
_a113 p. _c20 cm. |
||
| 505 | _a1. La transferencia de los resultados de la investigación a las operaciones - 2. La investigación, el desarrollo y la producción: Problemas de conflicto y cooperación - 3. Examen comparado de los programas de reduccción de costos en la fabricación - 4. El problema de la disposición de instalaciones en perspectiva - 5. Revisión del equilibrio de la linea de montaje - 6. uN modelo económico para la división del trabajo - 7. La ingenieria industrial y los sistemas sociotecnicos. | ||
| 942 | _cBK | ||
| 590 | _aniveau_biblio:m niveau_hierar:0 | ||
| 100 | 1 | _aMuth, John F. | |
| 700 | 1 | _aGroff, Gene K. | |
| 999 |
_c2658 _d2658 |
||